[Event "VI Open Settembre Vomero"]
[Site "Napoli ITA"]
[Date "2009.09.10"]
[Round "1"]
[White "Esposito, Pino"]
[Black "Messina, Enrico"]
[Result "1/2-1/2"]
[WhiteElo "1815"]
[BlackElo "2119"]
[PlyCount "125"]
[EventDate "2009.09.10"]

1. Nf3 g6 2. g3 Bg7 3. Bg2 e5 4. e4 Nc6 5. d3 Nge7 6. O-O O-O 7. Be3 h6 8. c3
f5 9. exf5 Nxf5 10. Nbd2 d6 11. Qb3+ Kh7 12. Rad1 g5 13. h3 Bd7 14. Ne4 Nxe3
15. fxe3 Rb8 16. g4 Qe7 17. Qc2 Kh8 18. Ng3 Rf7 19. Rd2 Rbf8 20. Rdf2 Be6 21.
a3 Qd7 22. Nh2 Nd8 23. Rxf7 Rxf7 24. Rxf7 Qxf7 25. Qf2 Kg8 26. Nf5 Bf8 27. Nf1
Bxf5 28. gxf5 Be7 29. Ng3 c6 30. Bf3 Qf8 31. Nh5 Kh8 32. Bg4 Bf6 33. c4 c5 34.
Qg2 Nc6 35. Qd5 e4 36. Nxf6 Qxf6 37. Qxe4 Qxb2 38. Qe8+ Kg7 39. Qg6+ Kf8 40.
Qxd6+ Kg7 41. Qg6+ Kf8 42. Qxh6+ Ke8 43. Qe6+ Kf8 44. Qh6+ Ke8 45. Bh5+ Kd7 46.
Qe6+ Kc7 47. f6 Qd2 48. Bf3 Qe1+ 49. Kh2 Qf2+ 50. Bg2 g4 51. Qxg4 Qxf6 52. Qf4+
Qxf4+ 53. exf4 Nd4 54. Kg3 a6 55. a4 b6 56. Kg4 Kd6 57. h4 Ke6 58. Bb7 b5 59.
cxb5 axb5 60. axb5 Nxb5 61. Kg5 Nd6 62. Ba6 Kf7 63. h5 {...} 1/2-1/2

[Event "VI Open Settembre Vomero"]
[Site "Napoli ITA"]
[Date "2009.09.10"]
[Round "1"]
[White "Esposito, Rosario"]
[Black "Della Corte, Alessandro"]
[Result "0-1"]
[WhiteElo "1858"]
[BlackElo "2210"]
[PlyCount "84"]
[EventDate "2009.09.10"]

1. d4 e6 2. c4 Nf6 3. Nc3 Bb4 4. e3 O-O 5. Bd3 d5 6. a3 Be7 7. Nf3 b6 8. cxd5
exd5 9. O-O Bb7 10. Qc2 Nbd7 11. b4 a6 12. Bb2 Bd6 13. b5 a5 14. a4 Qe7 15. Nb1
Ne4 16. Ba3 f5 17. Qxc7 Bxc7 18. Bxe7 Rf7 19. Bh4 f4 20. Bxe4 dxe4 21. Ng5 Rf5
22. Nd2 Re8 23. Nh3 Rh5 24. Bg5 f3 25. Bf4 Bd8 26. Bg3 g5 27. Rac1 Bd5 28. Kh1
Be7 29. Rc7 Nf8 30. Rfc1 Bb4 31. Nc4 Re6 32. Be5 Ng6 33. Rg7+ Kf8 34. Ra7 fxg2+
35. Kg1 Bxc4 36. Bg7+ Kg8 37. Rxc4 Rxh3 38. Rcc7 Be7 39. Be5 Nxe5 40. d5 Nf3+
41. Kxg2 Rxh2+ 42. Kg3 Bd6+ 0-1

[Event "VI Open Settembre Vomero"]
[Site "Napoli ITA"]
[Date "2009.09.10"]
[Round "1"]
[White "Ficco, Corrado"]
[Black "Cerrato, Roberto"]
[Result "1-0"]
[WhiteElo "2171"]
[BlackElo "1834"]
[PlyCount "63"]
[EventDate "2009.09.10"]

1. c4 e5 2. g3 Nf6 3. Bg2 Nc6 4. Nf3 Be7 5. O-O O-O 6. Nc3 d5 7. cxd5 Nxd5 8.
Nxe5 Nxc3 9. Nxc6 Nxd1 10. Nxd8 Nxf2 11. Nxb7 Nh3+ 12. Kh1 Rb8 13. Na5 Bf6 14.
Nc6 Rb6 15. Rxf6 gxf6 16. Ne7+ Kg7 17. Nxc8 Rxc8 18. Bxh3 Re8 19. Bg4 a5 20.
Kg2 f5 21. Bf3 a4 22. d3 Kg6 23. Rb1 Reb8 24. Bd5 h5 25. h4 f4 26. gxf4 Kf6 27.
Kf2 Rg8 28. Bf3 Ke7 29. Bd2 c5 30. Bc3 Rbg6 31. Rh1 a3 32. b3 1-0

[Event "VI Open Settembre Vomero"]
[Site "Napoli ITA"]
[Date "2009.09.10"]
[Round "1"]
[White "Khosravani, Afshin"]
[Black "Gallo, Thomas Renato"]
[Result "0-1"]
[WhiteElo "1446"]
[BlackElo "1884"]
[PlyCount "118"]
[EventDate "2009.09.10"]

1. f4 d5 2. Nf3 c5 3. e3 Nc6 4. Bb5 Qc7 5. Bxc6+ Qxc6 6. O-O Nf6 7. b3 e6 8.
Bb2 Be7 9. Nc3 b6 10. Ne5 Qb7 11. Qe1 O-O 12. g4 Nd7 13. Ne2 f6 14. Nf3 Qc7 15.
Qh4 Bb7 16. Qh5 Rf7 17. d3 Raf8 18. Nh4 Bd6 19. Rf3 e5 20. Rh3 f5 21. Ng6 Nf6
22. Qh4 fxg4 23. Nxf8 gxh3 24. Ne6 Qd7 25. Qxh3 exf4 26. N2xf4 Bc8 27. Qh4 Qe7
28. Ng5 Qxe3+ 29. Kh1 Qxf4 30. Qxf4 Bxf4 31. Nxf7 Kxf7 32. Kg2 Bb7 33. d4 cxd4
34. Bxd4 Ne4 35. Rf1 g5 36. h4 h6 37. hxg5 hxg5 38. Be3 d4 39. Bxf4 Nd2+ 40.
Kf2 Nxf1 41. Bxg5 Nh2 42. Kg3 Nf3 43. Bf4 Ke6 44. Kf2 Kf5 45. Bg3 b5 46. Ke2
Ke4 47. Bf2 Ne5 48. Kd2 Ng4 49. Bg1 Ne5 50. Ke2 Nc6 51. Kd2 Bc8 52. c3 a6 53.
cxd4 Nxd4 54. Kc3 Ne2+ 55. Kb4 Nxg1 56. a4 bxa4 57. Kxa4 Bd7+ 58. Ka5 Bb5 59.
b4 Ne2 0-1

[Event "VI Open Settembre Vomero"]
[Site "Napoli ITA"]
[Date "2009.09.10"]
[Round "1"]
[White "Lombardo, Claudio"]
[Black "Longobardi, Giuseppe"]
[Result "1/2-1/2"]
[WhiteElo "1754"]
[BlackElo "1985"]
[PlyCount "75"]
[EventDate "2009.09.10"]

1. d4 d5 2. c4 c6 3. Nc3 e6 4. e3 Nf6 5. Nf3 Be7 6. Bd3 Nbd7 7. O-O O-O 8. Qc2
h6 9. b3 b6 10. Bb2 Bb7 11. cxd5 exd5 12. Rac1 Rc8 13. Qe2 Re8 14. Ba6 Bxa6 15.
Qxa6 Rc7 16. Rc2 Bd6 17. Ba3 Qe7 18. Bxd6 Qxd6 19. Qe2 Ne4 20. Rfc1 Nxc3 21.
Rxc3 Rec8 22. h3 Nf6 23. R3c2 Kf8 24. Qd3 Kg8 25. Nd2 Qe7 26. Nf3 Nd7 27. Nd2
Nf6 28. Nf3 c5 29. Qb5 Ne4 30. Qd3 Qe6 31. Nd2 Nxd2 32. Qxd2 Rc6 33. dxc5 bxc5
34. Rd1 Rd8 35. Rdc1 Qc8 36. Qa5 c4 37. bxc4 dxc4 38. Qb4 1/2-1/2

[Event "VI Open Settembre Vomero"]
[Site "Napoli ITA"]
[Date "2009.09.10"]
[Round "1"]
[White "Ricci, Giuseppe"]
[Black "Colli, Roberto"]
[Result "1-0"]
[WhiteElo "1894"]
[BlackElo "1467"]
[PlyCount "89"]
[EventDate "2009.09.10"]

1. e4 c5 2. Nf3 e6 3. d4 cxd4 4. Nxd4 Nc6 5. Nc3 d6 6. Be3 Nf6 7. Be2 Be7 8.
O-O O-O 9. Nb3 Bd7 10. f4 a6 11. a4 Rc8 12. a5 e5 13. f5 Nb4 14. Bb6 Qe8 15.
Rc1 Bc6 16. Bf3 Qd7 17. Qe1 Bb5 18. Nxb5 Qxb5 19. Be2 Qa4 20. Ra1 Na2 21. Qb1
Qxe4 22. Bf3 Qxf5 23. Bxb7 Qxc2 24. Qxa2 Rb8 25. Bxa6 Nd7 26. Rac1 Qe4 27. Bc7
Qe3+ 28. Kh1 Rxb3 29. Rfe1 Qa7 30. Qxb3 Qxa6 31. Qc4 Qb7 32. b4 Rc8 33. b5 Bd8
34. b6 Bxc7 35. bxc7 Nc5 36. Rxe5 Qxc7 37. Rf5 g6 38. Rf3 Kf8 39. Qf4 f5 40.
Qd4 Kf7 41. Rd3 Rd8 42. Rxc5 Qe7 43. Rc1 Re8 44. Kg1 Qg5 45. Rc7+ 1-0

[Event "VI Open Settembre Vomero"]
[Site "Napoli ITA"]
[Date "2009.09.10"]
[Round "1"]
[White "Tortorella, Edoardo"]
[Black "Borrelli, Salvatore"]
[Result "0-1"]
[WhiteElo "1481"]
[BlackElo "1945"]
[PlyCount "116"]
[EventDate "2009.09.10"]

1. e4 e6 2. d4 d5 3. e5 c5 4. dxc5 Nc6 5. Nf3 Bxc5 6. c3 Nge7 7. Bb5 O-O 8. Bg5
h6 9. Bh4 Qc7 10. b4 Bb6 11. O-O Nf5 12. Bxc6 bxc6 13. Qe2 Nxh4 14. Nxh4 a5 15.
Nf3 Ba6 16. Qe1 Bxf1 17. Qxf1 axb4 18. cxb4 Ra4 19. a3 Rfa8 20. Qe1 d4 21. Qe4
Rxb4 22. g3 Rba4 23. Kg2 c5 24. Nfd2 Ba5 25. Qxa8+ Kh7 26. Qe4+ g6 27. f4 Qb6
28. g4 Qb2 29. f5 Bxd2 30. fxg6+ fxg6 31. Nxd2 Qxd2+ 32. Kh1 Ra7 33. Rf1 Qe3
34. Qc6 Qxe5 35. a4 Qd5+ 36. Qxd5 exd5 37. Ra1 c4 38. Kg2 c3 39. Kf2 c2 40. h4
Rxa4 41. Rc1 d3 42. Ke3 Ra3 43. Kd2 Kg7 44. Re1 Kf6 45. Rf1+ Ke5 46. g5 hxg5
47. hxg5 Ra6 48. Kxd3 Rc6 49. Rc1 Kf5 50. Kd4 Kxg5 51. Kxd5 Rc8 52. Kd4 Kf4 53.
Kd3 Kf3 54. Kd2 Kf2 55. Rh1 c1=Q+ 56. Rxc1 Rxc1 57. Kxc1 g5 58. Kd2 g4 0-1

[Event "VI Open Settembre Vomero"]
[Site "Napoli ITA"]
[Date "2009.09.15"]
[Round "2"]
[White "Accardo, Francesco"]
[Black "Miccoli, Livio"]
[Result "0-1"]
[WhiteElo "1869"]
[BlackElo "1622"]
[PlyCount "60"]
[EventDate "2009.09.10"]

1. g4 d5 2. Bg2 Bxg4 3. c4 Qd7 4. Qb3 c6 5. cxd5 Nf6 6. dxc6 Nxc6 7. Na3 e6 8.
Nf3 Rc8 9. O-O Be7 10. d3 O-O 11. Bd2 Rfd8 12. Nc4 Qc7 13. Bc3 Nd5 14. Bd2 Bf6
15. e3 a6 16. a4 Be7 17. Kh1 Ndb4 18. d4 Bxf3 19. Bxf3 Nxd4 20. exd4 Qxc4 21.
Qxc4 Rxc4 22. Bxb7 a5 23. Be3 Bf6 24. b3 Rc3 25. Rac1 Rxb3 26. Rc5 Nd3 27. Rc7
g6 28. d5 exd5 29. Rd1 d4 30. Bxd4 Bxd4 0-1

[Event "VI Open Settembre Vomero"]
[Site "Napoli ITA"]
[Date "2009.09.15"]
[Round "2"]
[White "Borrelli, Salvatore"]
[Black "Ficco, Corrado"]
[Result "1/2-1/2"]
[WhiteElo "1945"]
[BlackElo "2171"]
[PlyCount "113"]
[EventDate "2009.09.10"]

1. e4 c5 2. Nf3 e6 3. d4 cxd4 4. Nxd4 Nf6 5. Nc3 Nc6 6. Ndb5 d6 7. Bf4 e5 8.
Bg5 a6 9. Na3 b5 10. Bxf6 gxf6 11. Nd5 f5 12. Bd3 Bg7 13. Qh5 Be6 14. O-O f4
15. c4 bxc4 16. Nxc4 O-O 17. Rac1 Nd4 18. Nd2 Bxd5 19. exd5 f5 20. f3 Rf6 21.
Qh4 Qb6 22. Nc4 Nxf3+ 23. Kh1 Qg1+ 24. Rxg1 Nxh4 25. Nb6 Ra7 26. Nc8 Rb7 27. b3
a5 28. Rc6 e4 29. Ba6 Rd7 30. Nb6 Rd8 31. Rgc1 f3 32. gxf3 Nxf3 33. Be2 Nd4 34.
Rc8 Rff8 35. Rxd8 Rxd8 36. Bh5 f4 37. Nc4 e3 38. Kg2 Nf5 39. Kf3 Bh6 40. Ke4
Ng7 41. Bg4 Kf7 42. Nxa5 Kf6 43. Rc2 Re8+ 44. Kd3 Ke5 45. Bf3 Nf5 46. Nc6+ Kf6
47. Nd4 Nh4 48. Rc6 Ke5 49. Bh5 Ra8 50. Rc2 Kxd5 51. Nf5 Nxf5 52. Bf3+ Ke5 53.
Bxa8 d5 54. Rc5 Ne7 55. Ke2 Ke4 56. Rc4+ Ke5 57. Rc5 1/2-1/2

[Event "VI Open Settembre Vomero"]
[Site "Napoli ITA"]
[Date "2009.09.15"]
[Round "2"]
[White "Caiazzo, Diego"]
[Black "De Rosa, Francesco"]
[Result "1/2-1/2"]
[WhiteElo "1883"]
[BlackElo "1973"]
[PlyCount "83"]
[EventDate "2009.09.10"]

1. d4 d5 2. Nf3 c6 3. c3 Bf5 4. Bf4 Nf6 5. e3 Nbd7 6. Bd3 Bxd3 7. Qxd3 e6 8.
Nbd2 c5 9. O-O Be7 10. h3 O-O 11. Rfc1 Rc8 12. b3 cxd4 13. cxd4 Qa5 14. a4 Bb4
15. Rc2 Rc6 16. Rac1 Rfc8 17. Rxc6 Rxc6 18. Rxc6 bxc6 19. Qc2 c5 20. Bd6 h6 21.
Nf1 Ne4 22. Bf4 Ndf6 23. Ng3 Nxg3 24. Bxg3 Ne4 25. Be5 f6 26. Bf4 Kf7 27. Bh2
Be1 28. Bg3 cxd4 29. Nxd4 Nxg3 30. fxg3 Bxg3 31. Nf3 Qb6 32. Qc3 e5 33. a5 Qb7
34. b4 Ke6 35. Qc5 Kd7 36. Qf8 Ke6 37. Qg8+ Kd6 38. Qf8+ Kc6 39. Qc5+ Kd7 40.
Qf8 g5 41. Qg7+ Kc8 42. Qf8+ 1/2-1/2

[Event "VI Open Settembre Vomero"]
[Site "Napoli ITA"]
[Date "2009.09.15"]
[Round "2"]
[White "Caporali, Dante"]
[Black "Cerrato, Roberto"]
[Result "0-1"]
[WhiteElo "1571"]
[BlackElo "1834"]
[PlyCount "162"]
[EventDate "2009.09.10"]

1. d4 e6 2. c4 Nf6 3. Nc3 Bb4 4. e3 c5 5. Nf3 Nc6 6. a3 Bxc3+ 7. bxc3 O-O 8.
Bd3 d6 9. O-O e5 10. d5 Ne7 11. e4 Bg4 12. h3 Bh5 13. Bg5 Nd7 14. Be2 h6 15.
Bh4 Qe8 16. Bxe7 Qxe7 17. Nd2 Bg6 18. Re1 f5 19. exf5 Bxf5 20. Bg4 Bxg4 21.
Qxg4 Nf6 22. Qe2 Qd7 23. a4 Rf7 24. Ne4 Raf8 25. Nxf6+ Rxf6 26. f3 Rf4 27. Kh2
Qd8 28. a5 Qf6 29. Rab1 Rf7 30. Qd3 Qd8 31. Rb5 Rc7 32. Re4 Qf6 33. Rb1 Rf7 34.
Qe3 Qe7 35. Qe2 Qd7 36. Rxf4 Rxf4 37. g3 Rf7 38. Kg2 Qa4 39. Rb5 a6 40. Rb6
Qxa5 41. Qb2 Qa4 42. Rxb7 Qxc4 43. Rxf7 Kxf7 44. Qb7+ Kf6 45. Qa8 Kg6 46. Qe8+
Kh7 47. Qe6 Qe2+ 48. Kg1 Qd1+ 49. Kf2 Qd2+ 50. Kf1 Qd3+ 51. Kf2 Qd2+ 52. Kf1
Qd3+ 53. Kf2 Qg6 54. Qc8 Qc2+ 55. Kf1 Qxc3 56. Ke2 Qc4+ 57. Kf2 Qxd5 58. Qf5+
Kh8 59. Qf8+ Qg8 60. Qxd6 Qa2+ 61. Kf1 Qb1+ 62. Ke2 Qc2+ 63. Kf1 Qc4+ 64. Kg2
Qe2+ 65. Kg1 c4 66. Qf8+ Kh7 67. Qf5+ Kg8 68. Qe6+ Kf8 69. Qc8+ Ke7 70. Qc5+
Ke6 71. Qc8+ Kd6 72. Qxa6+ Kc5 73. Qa7+ Kb4 74. Qxg7 Kc3 75. Qa7 Kd2 76. Qb7 c3
77. Qb4 Qe1+ 78. Kg2 Qe2+ 79. Kg1 Qxf3 80. Qd6+ Qd3 81. Kg2 Qxd6 0-1

[Event "VI Open Settembre Vomero"]
[Site "Napoli ITA"]
[Date "2009.09.15"]
[Round "2"]
[White "D'Orta, Antonio"]
[Black "Lombardo, Claudio"]
[Result "1-0"]
[WhiteElo "1920"]
[BlackElo "1754"]
[PlyCount "69"]
[EventDate "2009.09.10"]

1. e4 c5 2. f4 d6 3. c3 Nc6 4. Na3 e6 5. Nf3 Nf6 6. Bd3 a6 7. Bc2 Qc7 8. O-O
Be7 9. d4 cxd4 10. Nxd4 Bd7 11. Be3 b5 12. Rc1 Na5 13. Qf3 Rc8 14. g4 O-O 15.
g5 Ne8 16. h4 Nc4 17. Nxc4 Qxc4 18. Bb3 Qc7 19. h5 Kh8 20. g6 e5 21. gxf7 Nf6
22. Ne6 Bxe6 23. Bxe6 Rcd8 24. fxe5 dxe5 25. h6 g6 26. Rcd1 Qc6 27. Bd5 Qd7 28.
Qg3 Qg4 29. Qxg4 Nxg4 30. Bb6 Rd7 31. Be6 Rxd1 32. Rxd1 Nxh6 33. Rd7 Bf6 34.
Bc5 Rb8 35. f8=Q+ 1-0

[Event "VI Open Settembre Vomero"]
[Site "Napoli ITA"]
[Date "2009.09.15"]
[Round "2"]
[White "Della Corte, Alessandro"]
[Black "Ricci, Giuseppe"]
[Result "1-0"]
[WhiteElo "2210"]
[BlackElo "1894"]
[PlyCount "63"]
[EventDate "2009.09.10"]

1. d4 d5 2. Nf3 Nf6 3. c4 e6 4. Nc3 c6 5. e3 Nbd7 6. Qc2 Be7 7. b3 O-O 8. Bd3
c5 9. cxd5 exd5 10. O-O cxd4 11. Nxd4 Nc5 12. Nf5 Nxd3 13. Nxe7+ Qxe7 14. Qxd3
Be6 15. Bb2 Rac8 16. Nb5 Rfd8 17. Nxa7 Rc7 18. Nb5 Rcd7 19. Bxf6 Qxf6 20. Nd4
Bg4 21. Rac1 Qg5 22. Qd2 Bh3 23. f4 Qg6 24. f5 Qg4 25. Nf3 Qxf5 26. gxh3 Qxh3
27. Qg2 Qh6 28. Qg5 Qh3 29. Ne5 Rd6 30. Rxf7 Rg6 31. Nxg6 hxg6 32. Rcc7 1-0

[Event "VI Open Settembre Vomero"]
[Site "Napoli ITA"]
[Date "2009.09.15"]
[Round "2"]
[White "Donadio, Andrea"]
[Black "Capozzoli, Silvio"]
[Result "1/2-1/2"]
[WhiteElo "1637"]
[BlackElo "1951"]
[PlyCount "75"]
[EventDate "2009.09.10"]

1. e4 d5 2. exd5 Qxd5 3. Nc3 Qd6 4. g3 c6 5. d4 Nf6 6. Bg2 Bg4 7. Nge2 e6 8.
O-O Be7 9. Rb1 O-O 10. Bf4 Qd8 11. b4 Bxe2 12. Nxe2 Nd5 13. b5 cxb5 14. Rxb5
Qd7 15. c4 Rc8 16. Qd3 a6 17. Rb3 Nxf4 18. Nxf4 Nc6 19. d5 Nd8 20. Bh3 Qc7 21.
dxe6 fxe6 22. Nxe6 Qxc4 23. Qxc4 Rxc4 24. Nxd8 Rc2 25. Be6+ Kf8 26. Nxb7 Bf6
27. Rd3 Re8 28. Rfd1 Rxe6 29. R3d2 Re1+ 30. Rxe1 Rxd2 31. a4 Bd4 32. Rf1 Bb6
33. a5 Ba7 34. Kg2 Ke7 35. Re1+ Kd7 36. Re5 Bxf2 37. Kh3 Bg1 38. Nc5+ 1/2-1/2

[Event "VI Open Settembre Vomero"]
[Site "Napoli ITA"]
[Date "2009.09.15"]
[Round "2"]
[White "Gallo, Thomas Renato"]
[Black "De Rosa, Mariagrazia"]
[Result "0-1"]
[WhiteElo "1884"]
[BlackElo "2101"]
[PlyCount "134"]
[EventDate "2009.09.10"]

1. d4 Nf6 2. Nf3 b6 3. Bg5 Ne4 4. Bh4 g6 5. Nbd2 Bb7 6. e3 Bg7 7. Be2 d6 8. O-O
Nd7 9. Nxe4 Bxe4 10. Nd2 Bb7 11. c3 O-O 12. Rc1 Qe8 13. e4 e5 14. d5 a6 15. f3
Bh6 16. Rc2 f5 17. b4 Nf6 18. c4 Be3+ 19. Bf2 Bxd2 20. Qxd2 fxe4 21. Be3 Bc8
22. c5 bxc5 23. bxc5 Bf5 24. f4 exf4 25. Rxf4 Rf7 26. Qd4 Qe5 27. Rd2 Qxd4 28.
Rxd4 h5 29. h3 dxc5 30. Rd1 Ne8 31. g4 hxg4 32. hxg4 Bd7 33. Rxe4 Nd6 34. Rf4
Rxf4 35. Bxf4 Bb5 36. Bf3 Rf8 37. Bxd6 cxd6 38. Kg2 Rf4 39. Re1 Bc4 40. Re6
Rxf3 41. Rxg6+ Kf7 42. Rxd6 Rd3 43. Rd7+ Kf6 44. d6 Ke6 45. Rh7 Kxd6 46. g5 Rd5
47. Rh6+ Ke7 48. Rh7+ Ke6 49. Rh6+ Kf7 50. Rf6+ Kg7 51. Rf2 Rxg5+ 52. Kh3 Re5
53. Rg2+ Kf6 54. Rd2 Re2 55. Rd6+ Ke5 56. Rc6 Kd5 57. Rh6 Rxa2 58. Rh5+ Kd4 59.
Rh4+ Kd3 60. Rh5 Be6+ 61. Kg3 c4 62. Re5 Bg8 63. Re8 Bd5 64. Rd8 Kd4 65. Kf4 c3
66. Rb8 c2 67. Rb4+ Bc4 0-1

[Event "VI Open Settembre Vomero"]
[Site "Napoli ITA"]
[Date "2009.09.15"]
[Round "2"]
[White "Longobardi, Giuseppe"]
[Black "Esposito, Pino"]
[Result "1-0"]
[WhiteElo "1985"]
[BlackElo "1815"]
[PlyCount "49"]
[EventDate "2009.09.10"]

1. d4 d5 2. c4 e6 3. Nf3 Nd7 4. Nc3 Ngf6 5. Bg5 Be7 6. e3 O-O 7. Bd3 h6 8. Bxf6
Nxf6 9. O-O c6 10. c5 Nd7 11. Bc2 e5 12. dxe5 Nxc5 13. Nd4 g6 14. f4 Qe8 15. f5
Bg5 16. fxg6 fxg6 17. Rxf8+ Kxf8 18. Qf3+ Kg7 19. Rf1 Bd7 20. Qg3 Qe7 21. h4
Bxe3+ 22. Qxe3 Re8 23. Qg3 g5 24. b4 Na6 25. Qd3 1-0

[Event "VI Open Settembre Vomero"]
[Site "Napoli ITA"]
[Date "2009.09.15"]
[Round "2"]
[White "Messina, Enrico"]
[Black "De Meo, Guido"]
[Result "1-0"]
[WhiteElo "2119"]
[BlackElo "1911"]
[PlyCount "69"]
[EventDate "2009.09.10"]

1. e4 c5 2. Nf3 Nc6 3. d4 cxd4 4. Nxd4 Qb6 5. Nb3 Nf6 6. Nc3 d6 7. Be3 Qc7 8.
Be2 g6 9. g4 Bg7 10. g5 Nd7 11. Qd2 Nb6 12. f4 Bh3 13. O-O-O O-O 14. Rhg1 Rad8
15. Rg3 Be6 16. Nd5 Bxd5 17. exd5 Nb8 18. Bd4 Bxd4 19. Qxd4 Rc8 20. c3 Nc4 21.
Bg4 Rce8 22. Re1 b5 23. h4 Qb6 24. h5 Qxd4 25. Nxd4 a6 26. Rh3 Kg7 27. Reh1 Rh8
28. h6+ Kf8 29. Re1 Nb6 30. Bf3 Rc8 31. Bg2 Rc7 32. b3 Rc5 33. Rhe3 Nc8 34. Bh3
Nb6 35. Rxe7 1-0

[Event "VI Open Settembre Vomero"]
[Site "Napoli ITA"]
[Date "2009.09.15"]
[Round "2"]
[White "Piscopia, Carmela"]
[Black "Esposito, Rosario"]
[Result "0-1"]
[WhiteElo "1430"]
[BlackElo "1858"]
[PlyCount "62"]
[EventDate "2009.09.10"]

1. e4 c5 2. Nc3 Nc6 3. f4 g6 4. Nf3 Bg7 5. Bb5 e6 6. O-O Nge7 7. d3 O-O 8. Be3
d6 9. Qd2 a6 10. Bxc6 Nxc6 11. Rad1 Nd4 12. b3 Qa5 13. Ne2 Nxe2+ 14. Qxe2 Bd7
15. c4 b5 16. e5 Qc7 17. exd6 Qxd6 18. d4 cxd4 19. Bxd4 Bxd4+ 20. Rxd4 Qb6 21.
Kh1 Bc6 22. Rfd1 Rad8 23. h4 Bxf3 24. Qxf3 Rxd4 25. Rxd4 Qxd4 26. Qb7 bxc4 27.
Qc6 c3 28. Qxa6 c2 29. Qc6 Rd8 30. Qxc2 Qd1+ 31. Qxd1 Rxd1+ 0-1

[Event "VI Open Settembre Vomero"]
[Site "Napoli ITA"]
[Date "2009.09.15"]
[Round "2"]
[White "Rosato, Luciano"]
[Black "Angelotti, Mario"]
[Result "1-0"]
[WhiteElo "2275"]
[BlackElo "1428"]
[PlyCount "45"]
[EventDate "2009.09.10"]

1. d4 Nf6 2. c4 c5 3. d5 d6 4. Nc3 g6 5. e4 Bg7 6. Nf3 Bg4 7. Be2 Nbd7 8. O-O
O-O 9. h3 Bxf3 10. Bxf3 Ne5 11. Be2 Re8 12. Bf4 Nfd7 13. Bh2 e6 14. f4 exd5 15.
cxd5 Qh4 16. fxe5 Bxe5 17. Bxe5 Rxe5 18. Qe1 Qh6 19. Qf2 Rf8 20. Bd3 Rg5 21.
Qf4 Ne5 22. Be2 f5 23. h4 1-0

[Event "VI Open Settembre Vomero"]
[Site "Napoli ITA"]
[Date "2009.09.24"]
[Round "3"]
[White "Borrelli, Salvatore"]
[Black "Caiazzo, Diego"]
[Result "1-0"]
[WhiteElo "1945"]
[BlackElo "1883"]
[PlyCount "73"]
[EventDate "2009.09.10"]

1. e4 e6 2. d4 d5 3. Nc3 dxe4 4. Nxe4 Nd7 5. Nf3 Ngf6 6. Nxf6+ Nxf6 7. Bd3 c5
8. dxc5 Bxc5 9. Qe2 O-O 10. O-O Qc7 11. Bg5 Be7 12. Rfe1 Bd7 13. Ne5 Rad8 14.
c4 Bc8 15. Rad1 b6 16. Qf3 Bb7 17. Qh3 g6 18. Qh4 Nd5 19. cxd5 Bxg5 20. Qxg5 f6
21. Qg4 fxe5 22. Qxe6+ Qf7 23. Qxf7+ Kxf7 24. Rxe5 Rfe8 25. Rxe8 Rxe8 26. Bc4
Rd8 27. f4 Rd6 28. Kf2 a6 29. Ke3 b5 30. Bb3 a5 31. a3 Ke7 32. Kd4 Ba6 33. Re1+
Kd7 34. Re6 a4 35. Kc5 Rxe6 36. dxe6+ Ke7 37. Bd5 1-0

[Event "VI Open Settembre Vomero"]
[Site "Napoli ITA"]
[Date "2009.09.24"]
[Round "3"]
[White "Capaldo, Salvatore"]
[Black "Rosato, Luciano"]
[Result "0-1"]
[WhiteElo "1696"]
[BlackElo "2275"]
[PlyCount "76"]
[EventDate "2009.09.10"]

1. e4 g6 2. d4 Bg7 3. c3 d6 4. Nf3 Nf6 5. Bd3 O-O 6. h3 Nc6 7. Be3 e5 8. Nbd2
Nh5 9. Qc2 exd4 10. Nxd4 Ne5 11. Be2 Nf6 12. Bg5 h6 13. Bh4 c5 14. N4f3 b6 15.
Nxe5 dxe5 16. O-O-O Bb7 17. f3 Qc7 18. Nc4 a6 19. Nd6 Bc6 20. Rd2 b5 21. g4 Bd7
22. Rhd1 Be6 23. Kb1 Rfd8 24. Bg3 Nd7 25. h4 Rab8 26. h5 c4 27. Rh1 Nc5 28. g5
Rxd6 29. hxg6 hxg5 30. gxf7+ Bxf7 31. Qc1 Rxd2 32. Qxd2 Qd8 33. Qe3 Qe7 34. Bf2
Ne6 35. Bf1 Rd8 36. Kc2 Qf6 37. Be2 Bf8 38. Kb1 Bc5 0-1

[Event "VI Open Settembre Vomero"]
[Site "Napoli ITA"]
[Date "2009.09.24"]
[Round "3"]
[White "Capozzoli, Silvio"]
[Black "Longobardi, Giuseppe"]
[Result "1/2-1/2"]
[WhiteElo "1951"]
[BlackElo "1985"]
[PlyCount "55"]
[EventDate "2009.09.10"]

1. e4 e5 2. d4 exd4 3. Nf3 Nc6 4. Bc4 h6 5. O-O Bc5 6. c3 dxc3 7. Bxf7+ Kxf7 8.
Qd5+ Kf8 9. Qxc5+ d6 10. Qxc3 Qf6 11. Be3 Qxc3 12. Nxc3 Nf6 13. h3 a6 14. Rac1
Be6 15. Rfd1 Rc8 16. Nh4 Kf7 17. f4 Rhe8 18. Nf3 Bd7 19. e5 dxe5 20. fxe5 Nxe5
21. Nxe5+ Rxe5 22. Bd4 Re7 23. Bxf6 gxf6 24. Nd5 Re2 25. Nc3 Re7 26. Nd5 Re2
27. Nc3 Re7 28. Nd5 1/2-1/2

[Event "VI Open Settembre Vomero"]
[Site "Napoli ITA"]
[Date "2009.09.24"]
[Round "3"]
[White "Cerrato, Roberto"]
[Black "Gallo, Thomas Renato"]
[Result "0-1"]
[WhiteElo "1834"]
[BlackElo "1884"]
[PlyCount "78"]
[EventDate "2009.09.10"]

1. Nf3 Nf6 2. c4 e6 3. g3 d5 4. Bg2 c6 5. O-O Nbd7 6. Qc2 Bd6 7. d4 O-O 8. c5
Bc7 9. Nc3 e5 10. e3 e4 11. Nd2 Ng4 12. Re1 f5 13. b4 a6 14. a4 Qg5 15. Nf1 Qh6
16. f3 Nxh2 17. Nxh2 Bxg3 18. Nf1 Bxe1 19. Bd2 Bxd2 20. Qxd2 Qg5 21. f4 Qg4 22.
Qe2 Qg6 23. Kf2 Nf6 24. Ke1 Ng4 25. Kd1 Rf6 26. Kc2 Bd7 27. Nd2 Nxe3+ 28. Qxe3
Qxg2 29. Rg1 Qh2 30. Kb3 Rg6 31. Rxg6 hxg6 32. b5 Kf7 33. Nf1 Qg2 34. Qc1 Qf2
35. Ne3 axb5 36. axb5 cxb5 37. Nexd5 Qxd4 38. Nb6 Be6+ 39. Kb2 Ra7 0-1

[Event "VI Open Settembre Vomero"]
[Site "Napoli ITA"]
[Date "2009.09.24"]
[Round "3"]
[White "De Meo, Guido"]
[Black "Di Gennaro, Antonio"]
[Result "1-0"]
[WhiteElo "1911"]
[BlackElo "1700"]
[PlyCount "47"]
[EventDate "2009.09.10"]

1. d4 d5 2. c4 e6 3. Nf3 Nf6 4. g3 Bb4+ 5. Bd2 Be7 6. Bg2 O-O 7. e3 c6 8. O-O
b6 9. cxd5 cxd5 10. a4 Bb7 11. a5 b5 12. Ne5 a6 13. Nc3 Nbd7 14. Nd3 Rc8 15. b4
Qc7 16. Rc1 Qb8 17. f4 Ne4 18. Nxe4 dxe4 19. Nc5 Bxc5 20. dxc5 Bd5 21. Bc3 f5
22. g4 h6 23. gxf5 exf5 24. Qxd5+ 1-0

[Event "VI Open Settembre Vomero"]
[Site "Napoli ITA"]
[Date "2009.09.24"]
[Round "3"]
[White "De Rosa, Francesco"]
[Black "Donadio, Andrea"]
[Result "1-0"]
[WhiteElo "1973"]
[BlackElo "1637"]
[PlyCount "147"]
[EventDate "2009.09.10"]

1. e4 c5 2. Nf3 g6 3. d4 cxd4 4. Nxd4 Nc6 5. Be3 Bg7 6. Nc3 Nf6 7. Bc4 O-O 8.
Bb3 d6 9. f3 a5 10. Qd2 Bd7 11. a4 Nxd4 12. Bxd4 Bc6 13. O-O Nd7 14. Bxg7 Kxg7
15. Qd4+ f6 16. Rad1 Qb6 17. Ne2 Qxd4+ 18. Nxd4 Nc5 19. Bd5 Bxa4 20. b3 Bd7 21.
f4 e5 22. fxe5 dxe5 23. Nf3 Rac8 24. Bxb7 Rc7 25. Bd5 Bc6 26. Rfe1 Na6 27. Bc4
Nc5 28. Bd5 Na6 29. Rf1 Nb4 30. Bxc6 Rxc6 31. Rd7+ Kg8 32. c4 Na6 33. Nd2 Nc5
34. Rd5 Rb8 35. Rf3 Rb4 36. Rd8+ Kf7 37. Kf2 Rc7 38. Ra8 a4 39. bxa4 Nxa4 40.
Ra6 Nb6 41. Nb3 Rcxc4 42. Ra7+ Ke6 43. Rd3 Rc2+ 44. Kf3 f5 45. exf5+ gxf5 46.
Kg3 Rg4+ 47. Kh3 Rgxg2 48. Nc5+ Kf6 49. Rd6+ Kg5 50. Ne6+ Kh5 51. Rxh7+ Kg6 52.
Nf8+ Kg5 53. Rg7+ Kf4 54. Rxg2 Rc3+ 55. Rg3 Na4 56. Ra6 Rc4 57. Rh6 Ke4 58.
Rh4+ f4 59. Ra3 Nc3 60. Kg4 Nd1 61. Rf3 Ne3+ 62. Rxe3+ fxe3 63. Kg3+ Kd3 64.
Ng6 Rxh4 65. Nxh4 e4 66. Ng2 Kd2 67. h4 e2 68. h5 e3 69. h6 e1=Q+ 70. Nxe1 Kxe1
71. h7 e2 72. h8=Q Kd2 73. Qd4+ Kc2 74. Kf2 1-0

[Event "VI Open Settembre Vomero"]
[Site "Napoli ITA"]
[Date "2009.09.24"]
[Round "3"]
[White "De Rosa, Mariagrazia"]
[Black "Della Corte, Alessandro"]
[Result "1-0"]
[WhiteElo "2101"]
[BlackElo "2210"]
[PlyCount "47"]
[EventDate "2009.09.10"]

1. e4 e6 2. d4 d5 3. e5 c5 4. c3 Nc6 5. Nf3 Bd7 6. a3 Nge7 7. b4 cxd4 8. cxd4
Nf5 9. Nc3 Rc8 10. Bb2 Be7 11. Bd3 Ncxd4 12. Nxd4 Nxd4 13. Qg4 Nc6 14. Qxg7 Rf8
15. O-O Nxe5 16. Qxe5 Bf6 17. Qe1 Rg8 18. Rd1 Kf8 19. Qd2 Bg5 20. f4 Bf6 21. f5
Bd4+ 22. Kh1 e5 23. f6 Ke8 24. Nb5 1-0